|
|
|
|
| LEADER |
00000 a a2200000 04500 |
| 001 |
35262 |
| 003 |
cru CIDCACS/IIS |
| 005 |
20170824125344.0 |
| 008 |
170824b xxu||||| |||| 00| 0 spa d |
| 999 |
|
|
|c 11012
|d 11012
|
| 020 |
|
|
|a 956-279-003-7
|
| 022 |
|
|
|a 956-279-003-7
|
| 040 |
|
|
|c CIDCACS/IIS
|
| 090 |
|
|
|a 05.03.01 P964de 2004
|
| 245 |
|
|
|a Desarrollo Humano en Chile: 2004.
|b El poder: ¿Para qué y para quién? /
|
| 260 |
|
|
|a Santiago de Chile :
|b PNUD
|
| 300 |
|
|
|a 323 páginas
|
| 300 |
|
|
|b il.
|
| 650 |
|
|
|a DESARROLLO HUMANO
|
| 650 |
|
|
|a PODER
|
| 650 |
|
|
|a DEMOCRACIA
|
| 650 |
|
|
|a REFORMA DE LA EDUCACION
|
| 650 |
|
|
|a ELITE
|
| 650 |
|
|
|a SOCIEDAD CIVIL
|
| 650 |
|
|
|a MEDIOS DE COMUNICACION
|
| 650 |
|
|
|a CHILE
|
| 942 |
|
|
|2 ddc
|c LI
|